France EUROs Starting XIs - Statistics

General Stats
  • This quiz has been taken 443 times
  • The average score is 57 of 110
Answer Stats
Hint Answer % Correct
2020 GK Hugo Lloris
100%
2016 GK Hugo Lloris
100%
2012 GK Hugo Lloris
100%
2020 AM Antoine Griezmann
98%
2016 AM Antoine Griezmann
98%
2020 ST Kylian Mbappé
98%
2016 ST Olivier Giroud
96%
2020 CM Paul Pogba
94%
2016 DM Paul Pogba
94%
2020 CM N'Golo Kanté
91%
2020 CB Raphael Varane
91%
2004 ST Thierry Henry
91%
2000 ST Thierry Henry
91%
2008 ST Thierry Henry
91%
2020 RB Benjamin Pavard
89%
2020 ST Karim Benzema
89%
2012 ST Karim Benzema
89%
2008 ST Karim Benzema
89%
2020 LB Lucas Hernandez
89%
2004 LM Zinédine Zidane
89%
2000 CM Zinédine Zidane
89%
1996 AM Zinédine Zidane
89%
2004 GK Fabien Barthez
82%
2000 GK Fabien Barthez
82%
2016 CB Samuel Umtiti
81%
2004 CB Lilian Thuram
79%
2000 RB Lilian Thuram
79%
1996 RB Lilian Thuram
79%
2008 CB Lilian Thuram
79%
2020 CM Adrien Rabiot
77%
2016 DM Blaise Matuidi
76%
2012 LW Franck Ribéry
75%
2008 RM Franck Ribéry
75%
1984 AM Michel Platini
75%
2016 LB Patrice Evra
75%
2008 LB Patrice Evra
75%
2004 ST David Trézéguet
74%
2000 CB Marcel Desailly
74%
1996 CB Marcel Desailly
74%
2000 CB Laurent Blanc
73%
1996 CB Laurent Blanc
73%
1992 CB Laurent Blanc
73%
2004 CM Patrick Vieira
72%
2000 CM Patrick Vieira
72%
2000 CM Didier Deschamps
71%
1996 CM Didier Deschamps
71%
1992 CM Didier Deschamps
71%
2016 RB Bacary Sagna
62%
2004 CM Claude Makélélé
61%
2008 CM Claude Makélélé
61%
2004 LB Bixente Lizarazu
60%
2000 LB Bixente Lizarazu
60%
1996 LB Bixente Lizarazu
60%
2016 CB Laurent Koscielny
60%
2016 LM Dimitri Payet
59%
2004 RM Robert Pires
59%
2020 CB Presnel Kimpembe
58%
2000 ST Nicolas Anelka
54%
2012 LB Gael Clichy
52%
1992 ST Jean-Pierre Papin
50%
1992 ST Eric Cantona
49%
2012 CM Florent Malouda
49%
2008 LM Florent Malouda
49%
2012 RW Samir Nasri
49%
2004 RB William Gallas
48%
2008 CB William Gallas
48%
2000 AM Youri Djorkaeff
45%
1996 AM Youri Djorkaeff
45%
2008 RB Willy Sagnol
44%
2016 RM Moussa Sissoko
43%
2012 CB Adil Rami
41%
2012 CM Yohan Cabaye
41%
2012 RB Mathieu Debuchy
39%
2008 GK Grégory Coupet
36%
2012 CM Alou Diarra
35%
1996 CM Christian Karembeu
34%
2012 CB Philippe Mexes
32%
2008 CM Jérémy Toulalan
31%
1996 GK Bernard Lama
28%
1984 CM Jean Tigana
28%
2004 CB Mikael Silvestre
27%
1984 CM Alain Giresse
25%
1984 CM Luis Fernandez
23%
1984 GK Joel Bats
18%
1992 RM Manuel Amoros
18%
1984 RB Patrick Battiston
18%
1996 ST Patrice Loko
14%
1992 CB Basile Boli
13%
1984 CB Maxime Bossis
13%
1996 CM Vincent Guérin
9%
1984 ST Bernard Lacombe
8%
1984 ST Bruno Bellone
7%
1992 CM Franck Sauzée
7%
1984 CB Yvon Le Roux
7%
1984 LB Jean-Francois Domergue
5%
1992 CB Bernard Casoni
3%
1992 GK Bruno Martini
3%
1992 LM Jean-Philippe Durand
3%
1992 AM Pascal Vahirua
3%
1960 LW Jean Vincent
2%
1960 CM Jean-Jacques Marcel
1%
1960 RS Lucien Muller
1%
1960 CM Robert Herbin
1%
1960 CB Bruno Rodzik
0%
1960 RW Francois Heutte
0%
1960 GK Georges Lamia
0%
1960 CB Jean Wendling
0%
1960 ST Maryan Wisniewski
0%
1960 LS Michel Stievenard
0%
1960 CM René Ferrier
0%
No matching quizzes found
Score Distribution
Percent of People with Each Score
Percentile by Number Answered
Your Score History
You have not taken this quiz